Culture, communication, and cognition : vygotskian perspectives
Αποθηκεύτηκε σε:
| Άλλοι συγγραφείς: | |
|---|---|
| Μορφή: | Βιβλίο |
| Γλώσσα: | English |
| Δημοσίευση: |
Cambridge :
Cambridge University Press,
1985
|
| Θέματα: | |
| Ετικέτες: |
Προσθήκη ετικέτας
Δεν υπάρχουν, Καταχωρήστε ετικέτα πρώτοι!
|
MARC
| LEADER | 00000nam a2200000 i 4500 | ||
|---|---|---|---|
| 001 | 1/86757 | ||
| 008 | 960703s1985 eng d | ||
| 020 | |a 0-521-25214-8 | ||
| 035 | |a 1986 |c Αγορά |l 10035059 | ||
| 040 | |a GR-MY-UA |b gre |e aacr | ||
| 041 | 0 | |a eng | |
| 082 | 0 | |a 302.2 | |
| 245 | 1 | 0 | |a Culture, communication, and cognition : |b vygotskian perspectives / |c edited by James V. Wertsch |
| 260 | |a Cambridge : |b Cambridge University Press, |c 1985 | ||
| 300 | |a 379 p. | ||
| 600 | 1 | 0 | |a Vygotskii L. S. |q (Lev Semenovich) |d 1896-1934. |
| 650 | 0 | 0 | |a Cognition and culture. |
| 650 | 0 | 0 | |a Psycholinguistics. |
| 650 | 0 | 0 | |a Cognition in children. |
| 700 | 1 | |a Wertsch, James V. |4 edt | |
| 852 | |a INST |b RHODES |e 19960703 |h 302.2 CUL |p 005400004588 |q 005400004588 |t BK |y 0 | ||
| 909 | |a Ρ |b 005983 |c 1986 | ||